Meilleurs pays où être LGBT+ - Afrique - Statistiques

Statistiques générales
  • Ce quiz a été pris 289 fois
    89 depuis la dernière actualisation
  • Le résultat moyen est 6 sur 10
Statistiques - réponses
% d'égalités des droits Pays % Correct
71% Afrique du Sud
99%
53% Angola
67%
66% Cap-Vert
65%
53% Namibie
65%
60% Seychelles
56%
49% Botswana
54%
54% Maurice
53%
53% Mozambique
47%
48% São Tomé-et-Príncipe
33%
45% Guinée équatoriale
31%
Aucun quiz correspondant
Distribution des résultats
% des personnes avec chaque résultat
Percentile par nombre de réponses
Votre historique - résultats
Vous n’avez pas pris ce quiz depuis la dernière actualisation